Likeable social media : Bí quyết làm hài lòng khách hàng, tạo dựng thương hiệu thông qua Facebook (và các mạng xã hội khác)

Likeable social media ( Truyền thông qua mạng xã hội) là cuốn sách dễ đọc, dễ hiểu và ẩn chứa những ý nghĩa sâu sắc về sức mạnh vô hình của marketing thông qua mạng xã hội.

Spremljeno u:
Bibliografski detalji
Glavni autor: Kerpen, Dave
Format: Knjiga
Jezik:Undetermined
Izdano: Hà Nội Lao động - Xã hội 2013
Teme:
Oznake: Dodaj oznaku
Bez oznaka, Budi prvi tko označuje ovaj zapis!
Thư viện lưu trữ: Trung tâm Học liệu Trường Đại học Cần Thơ
LEADER 01041nam a2200229Ia 4500
001 CTU_220983
008 210402s9999 xx 000 0 und d
020 |c 99000 
082 |a 658.872 
082 |b K39 
100 |a Kerpen, Dave 
245 0 |a Likeable social media : 
245 0 |b Bí quyết làm hài lòng khách hàng, tạo dựng thương hiệu thông qua Facebook (và các mạng xã hội khác) 
245 0 |c Dave Kerpen ; Lan Hương (dịch) 
260 |a Hà Nội 
260 |b Lao động - Xã hội 
260 |c 2013 
520 |a Likeable social media ( Truyền thông qua mạng xã hội) là cuốn sách dễ đọc, dễ hiểu và ẩn chứa những ý nghĩa sâu sắc về sức mạnh vô hình của marketing thông qua mạng xã hội. 
650 |a Social networking,Mạng xã hội 
650 |x Economic aspects,Khía cạnh kinh tế 
904 |i Hải 
980 |a Trung tâm Học liệu Trường Đại học Cần Thơ